| 000 | 01026aab a2200193 i 4500 | ||
|---|---|---|---|
| 001 | 768714001 | ||
| 003 | CO-MdFUSB | ||
| 005 | 20240423113853.0 | ||
| 008 | 240313t1998 ck a|||| |||| 00| 0 spa d | ||
| 040 |
_bspa _cCO-MdFUSB |
||
| 041 | _aspa | ||
| 100 | 1 |
_aBreneman, Mervin (1930-) _eautor |
|
| 245 | 1 | 0 |
_a¿Cómo debemos usar el Antiguo Testamento? (10) _c/ Mervin Breneman |
| 300 |
_aVolumen 17, número 3 (julio - septiembre 1998), página: 37 _c; 27 cm |
||
| 520 | _aEn este artículo se examinarán algunas aspectos del Antiguo Testamento relacionados con la misión transcultural y qué ayuda nos ofrece la Biblia sobre este tema: Dios hizo al ser humanos con capacidad creadora. -- La Biblia usa conceptos de varias culturas. -- Los énfasis misioneros del Antiguo Testamento. -- El mensaje de Dios se entiende en todas las culturas. | ||
| 630 | 0 | 7 |
_aBiblia. _pAntiguo Testamento |
| 773 | 0 |
_tIglesia y Misión _049402 _959633 _gVolumen 17, número 3 (julio - septiembre 1998), página: 37 _qpágina: 37 |
|
| 942 | _cANA | ||
| 999 |
_c52335 _d52335 |
||